
Library Catalogue

| 000 -LEADER | |
|---|---|
| fixed length control field | 00868nam a2200229Ia 4500 |
| 003 - CONTROL NUMBER IDENTIFIER | |
| control field | OSt |
| 005 - DATE AND TIME OF LATEST TRANSACTION | |
| control field | 20211016144936.0 |
| 008 - FIXED-LENGTH DATA ELEMENTS--GENERAL INFORMATION | |
| fixed length control field | 160316s2003 xxu||||| |||| 00| 0 eng d |
| 020 ## - INTERNATIONAL STANDARD BOOK NUMBER | |
| International Standard Book Number | 9780582302457 |
| 040 ## - CATALOGING SOURCE | |
| Transcribing agency | n |
| 082 ## - DEWEY DECIMAL CLASSIFICATION NUMBER | |
| Classification number | 341.000000 |
| Item number | OPP-I |
| 100 ## - MAIN ENTRY--PERSONAL NAME | |
| Personal name | Oppenheim |
| 245 ## - TITLE STATEMENT | |
| Title | International law.Vol.I : Peace |
| 250 ## - EDITION STATEMENT | |
| Edition statement | 9th |
| 260 ## - PUBLICATION, DISTRIBUTION, ETC. | |
| Place of publication, distribution, etc. | Delhi |
| Name of publisher, distributor, etc. | Universal Law Publishing Co.Pvt.Ltd. |
| Date of publication, distribution, etc. | 2003 |
| 300 ## - PHYSICAL DESCRIPTION | |
| Extent | 554p |
| Dimensions | xxi |
| 365 ## - TRADE PRICE | |
| Price amount | Rs.995.00 |
| 505 ## - FORMATTED CONTENTS NOTE | |
| Formatted contents note | Table of Contents<br/>CONTENTS OF VOLUME 1:<br/>Preface to the ninth edition<br/>Abbreviations<br/>Table of Cases<br/>1. Introduction: Foundations and development of international law<br/>PART 1: THE SUBJECTS OF INTERNATIONAL LAW<br/>2. International persons<br/>3. Position of the states in international law<br/>4. Responsibility of states<br/>Index |
| 650 ## - SUBJECT ADDED ENTRY--TOPICAL TERM | |
| Topical term or geographic name entry element | 1.International Law |
| 700 ## - ADDED ENTRY--PERSONAL NAME | |
| Personal name | |
| -- | |
| 942 ## - ADDED ENTRY ELEMENTS (KOHA) | |
| Source of classification or shelving scheme | Dewey Decimal Classification |
| Koha item type | BOOKs |
| Withdrawn status | Lost status | Damaged status | Not for loan | Home library | Current library | Shelving location | Date acquired | Cost, normal purchase price | Total Checkouts | Full call number | Barcode | Date last seen | Price effective from | Koha item type |
|---|---|---|---|---|---|---|---|---|---|---|---|---|---|---|
| . | . | 30.05.2017 | 995.00 | 341 OPP-I | 18019 | 14.06.2024 | 30.05.2017 | BOOKs |